000 00581nam a2200145 a 4500
001 000031737
005 20250607073643.0
008 110630s1970 dr ac 000 | spa d
040 _aDO-SdBNP
_bspa
_cBNPHU
110 1 _aRepública Dominicana.
_b Secretaria de Estado de Salud Pública y Asistencia Social (2001)
_956549
245 1 0 _aMemoria :
_bde la sub-secretaría de Estado de Salud Pública y Asistencia Social.
260 _aSanto Domingo :
_bSecretaría de Estado de Salud Pública y Asistencia Social,
_c1970.
300 _a[30] p. :
_bil. ; retrs. ;
_c22 cm.
049 _aBNPD
999 _c31229
_d31229